000 01330nam0a2200361 4500
001 RU\NLR\BIBL_A\012097258
005 20190925152014.0
010 _a978-5-903235-66-7
_9120
021 _aRU
_bКН-П-19-061249
_9КН-П-19-4384
035 _a(NLR Aleph) 012097258
035 _a(RuMoRGB)010078952
090 _a11887934
_c11887934
100 _a20190920d2019 u y0rusy50 ca
101 0 _arus
102 _aRU
105 _a |||z|||000gy
200 1 _aБыть. Любить. Смеяться. в открытом океане
_eстихи
_fНуриева Дарина
210 _aКазань
_cОфсет-Сервис
_d2019
215 _a92, [2] с.
_cил.
_d21
300 _aЗагл. обл.: Б.ЛЮ.С. в открытом океане
327 1 _aСодерж.: циклы: Быть; Любить; Смеяться
512 1 _aБ.ЛЮ.С. в открытом океане
517 1 _aЛюбить. Смеяться. в открытом океане
517 1 _aСмеяться. в открытом океане
517 1 _aВ открытом океане
686 2 _aШ6(2=Р)8-5
700 1 _aНуриева
_bД.
_gДарина
942 _cBOOK
980 _aNBR
980 _aNB